[Event "tm FRA 1st"]
[Site "France"]
[Date "1999.??.??"]
[Round "6"]
[White "Rainfray, Arnaud"]
[Black "Marzolo, Cyril"]
[Result "1-0"]
[WhiteElo "2322"]
[BlackElo "2435"]
[Annotator "Cannes-Mulhouse"]
[PlyCount "93"]
[EventDate "1999.??.??"]

1. e4 c5 2. Nf3 Nc6 3. Bb5 e6 4. Bxc6 bxc6 5. O-O d5 6. d3 Ne7 7. Nc3 Ng6 8.
Re1 Be7 9. Na4 O-O 10. c4 f5 11. e5 Rf7 12. b3 Nf8 13. Ba3 Qa5 14. Qd2 Qxd2 15.
Nxd2 Nd7 16. cxd5 cxd5 17. Rac1 Bg5 18. Rcd1 Be7 19. d4 cxd4 20. Bxe7 Rxe7 21.
Nf3 Nb6 22. Nc5 a5 23. Nxd4 Kf7 24. h4 a4 25. Rc1 h6 26. h5 axb3 27. axb3 Rc7
28. Nd3 Rxc1 29. Rxc1 Bd7 30. f3 Ra2 31. Rc2 Rxc2 32. Nxc2 Ke7 33. Nd4 Be8 34.
Nf4 Bf7 35. Kf2 Nd7 36. Nc6+ Ke8 37. Ke3 Nc5 38. b4 Na4 39. Kd4 Kd7 40. Na5 Kc7
41. Nb3 Kb6 42. Nc1 Kb5 43. Ncd3 Kb6 44. Ng6 Kb5 45. Nf8 Bxh5 46. Nxe6 g5 47.
Ng7 1-0

[Event "tm FRA 1st"]
[Site "France"]
[Date "1999.??.??"]
[Round "6"]
[White "Siegel, Georg"]
[Black "Sorin, Maxime"]
[Result "1-0"]
[WhiteElo "2483"]
[BlackElo "2208"]
[Annotator "Mulhouse-Cannes"]
[PlyCount "149"]
[EventDate "1999.??.??"]

1. d4 Nf6 2. c4 e6 3. Nf3 b6 4. g3 Ba6 5. b3 Bb7 6. Bg2 Bb4+ 7. Bd2 c5 8. O-O
O-O 9. dxc5 Bxc5 10. Bc3 Be7 11. Qc2 Qc7 12. Nbd2 d6 13. Rfd1 Nbd7 14. Rac1
Rac8 15. Qb2 Qb8 16. Nf1 Rfd8 17. Nd4 Bxg2 18. Kxg2 Qb7+ 19. Nf3 Ne8 20. Ne3
Ndf6 21. Kg1 d5 22. Bd4 Bc5 23. cxd5 Bxd4 24. Nxd4 Nxd5 25. Nc4 Nef6 26. Nb5
Qb8 27. Qe5 Qxe5 28. Nxe5 Rxc1 29. Rxc1 Kf8 30. Nxa7 Ra8 31. Rc8+ Rxc8 32. Nxc8
b5 33. a4 bxa4 34. bxa4 Ne4 35. a5 Nc5 36. Nd6 Ke7 37. Ndxf7 Nb4 38. Ng5 h6 39.
Ngf3 Nb3 40. Nc4 Nc6 41. a6 Nc5 42. Nfe5 Na7 43. Kg2 Nxa6 44. Kf3 Nc5 45. h4
Nb5 46. e3 Nd7 47. Nxd7 Kxd7 48. Kg4 Ke7 49. Kh5 Kf7 50. e4 Nd4 51. e5 Nf3 52.
Kg4 Nd4 53. Nd6+ Kg6 54. h5+ Kh7 55. Kf4 g6 56. Ke4 Nc6 57. hxg6+ Kxg6 58. f4
h5 59. Nb5 Ne7 60. Nd4 Kf7 61. f5 exf5+ 62. Nxf5 Ng6 63. Kd5 Nf8 64. Kd6 Kg6
65. e6 Nh7 66. e7 Nf6 67. Ke6 Ne8 68. Ne3 Ng7+ 69. Kd7 Kg5 70. Nd5 h4 71. gxh4+
Kxh4 72. Nc7 Kg4 73. Ne6 Nh5 74. Kd8 Nf6 75. Nc7 1-0

[Event "tm FRA 1st"]
[Site "France"]
[Date "1999.??.??"]
[Round "6"]
[White "Peric, Slavisa"]
[Black "Roser, Kevin"]
[Result "1/2-1/2"]
[WhiteElo "2300"]
[BlackElo "2319"]
[Annotator "Cannes-Mulhouse"]
[PlyCount "91"]
[EventDate "1999.??.??"]

1. d4 Nf6 2. Nf3 e6 3. e3 b6 4. Nbd2 Bb7 5. Bd3 c5 6. O-O cxd4 7. exd4 Be7 8.
Qe2 O-O 9. c3 d6 10. Re1 Nbd7 11. Nf1 Re8 12. h3 Bf8 13. Bg5 Qc7 14. Ba6 Qc8
15. Bxb7 Qxb7 16. N1d2 b5 17. Bxf6 Nxf6 18. Ne4 Nxe4 19. Qxe4 Qxe4 20. Rxe4 a5
21. Re2 Rec8 22. Rc2 d5 23. Kf1 Rc7 24. Ke2 Bd6 25. Kd3 f6 26. Re2 Kf7 27. a4
b4 28. cxb4 Bxb4 29. Rc2 Rxc2 30. Kxc2 Ke7 31. Rc1 Kd6 32. Ng1 e5 33. Ne2 e4
34. Kd1 f5 35. Nc3 Bxc3 36. bxc3 Rc8 37. Kc2 Rc4 38. Kb3 Ke6 39. g3 g5 40. h4
gxh4 41. gxh4 f4 42. Rg1 Rc7 43. Kc2 Rc4 44. Kb3 Rc7 45. Kc2 Rc4 46. Kb3
1/2-1/2

[Event "tm FRA 1st"]
[Site "France"]
[Date "1999.??.??"]
[Round "6"]
[White "Bramme, Emmanuelle"]
[Black "Muller, Anne"]
[Result "1/2-1/2"]
[WhiteElo "2049"]
[BlackElo "2140"]
[Annotator "Cannes-Mulhouse"]
[PlyCount "96"]
[EventDate "1999.??.??"]

1. d4 Nf6 2. Nf3 e6 3. c4 b6 4. g3 Ba6 5. b3 Bb4+ 6. Bd2 Be7 7. Bg2 c6 8. Bc3
d5 9. Nbd2 O-O 10. O-O Nbd7 11. Qc2 c5 12. Rfd1 Qc7 13. Bb2 Rac8 14. Rac1 Rfd8
15. Qb1 Qb8 16. e3 cxd4 17. Nxd4 Bb7 18. cxd5 Nxd5 19. Nc4 N5f6 20. Bxb7 Qxb7
21. Nb5 Qf3 22. Nxa7 Ne4 23. Rf1 Ra8 24. Nc6 Re8 25. Nd4 Qg4 26. f3 Qh3 27.
Qxe4 Nc5 28. Qg4 Qh6 29. f4 Rxa2 30. Rc2 Nd3 31. Qe2 Nxb2 32. Rxb2 Rxb2 33.
Qxb2 Bc5 34. b4 Bf8 35. Nxb6 e5 36. Nf5 Qg6 37. fxe5 Qxb6 38. Re1 Qxb4 39. Qxb4
Bxb4 40. Rb1 Bc5 41. Kf2 g6 42. Nd6 Rxe5 43. Nc4 Re4 44. Rc1 f5 45. Kf3 Bf8 46.
Nd2 Ra4 47. h3 h5 48. Rc8 Kf7 1/2-1/2

[Event "tm FRA 1st"]
[Site "France"]
[Date "1999.??.??"]
[Round "6"]
[White "Ikonnikov, Vyacheslav"]
[Black "Bernard, Christophe"]
[Result "1-0"]
[WhiteElo "2561"]
[BlackElo "2356"]
[Annotator "Auxerre-Chess XV"]
[PlyCount "59"]
[EventDate "1999.??.??"]

1. d4 Nf6 2. Nf3 g6 3. c4 Bg7 4. Nc3 d5 5. cxd5 Nxd5 6. e4 Nxc3 7. bxc3 O-O 8.
Be3 c5 9. Qd2 Qa5 10. Rc1 e6 11. Bh6 cxd4 12. Bxg7 Kxg7 13. cxd4 Qxd2+ 14. Kxd2
Nc6 15. Bb5 Bd7 16. Rc5 Rad8 17. Ke3 f6 18. Rb1 Rf7 19. h4 Re7 20. g4 a6 21.
Ba4 b5 22. Bb3 Na5 23. Rbc1 Kf8 24. g5 f5 25. Ne5 fxe4 26. Rc7 Ke8 27. Ra7 Rc8
28. Rc5 Nc4+ 29. Bxc4 bxc4 30. Rxd7 1-0

[Event "tm FRA 1st"]
[Site "France"]
[Date "1999.??.??"]
[Round "6"]
[White "Solozhenkin, Evgeniy"]
[Black "Heinis, Vincent"]
[Result "1-0"]
[WhiteElo "2545"]
[BlackElo "2266"]
[Annotator "Auxerre-Chess XV"]
[PlyCount "75"]
[EventDate "1999.??.??"]

1. d4 Nf6 2. c4 e6 3. Nf3 d5 4. Nc3 Be7 5. Qc2 O-O 6. Bg5 Nbd7 7. Rd1 h6 8. h4
a6 9. e3 dxc4 10. Bxc4 b5 11. Bd3 Bb7 12. a3 Rc8 13. b4 a5 14. Rb1 axb4 15.
axb4 e5 16. dxe5 Ng4 17. Be4 Bxe4 18. Qxe4 Ndxe5 19. Nxe5 Nxe5 20. Qxe5 hxg5
21. hxg5 Bxg5 22. Ne4 Qe7 23. Qf5 Bh6 24. g3 Rfe8 25. Rh4 Rcd8 26. Qxb5 Qe6 27.
Rc1 Qa2 28. Qc4 Qa8 29. Ke2 Re6 30. Rc3 Qa1 31. Rc1 Qa8 32. Kf1 Rde8 33. Nd2
Qa3 34. Kg2 Bxe3 35. fxe3 Rxe3 36. Rf1 Rxg3+ 37. Kh2 Qe3 38. Qxf7# 1-0

[Event "tm FRA 1st"]
[Site "France"]
[Date "1999.??.??"]
[Round "6"]
[White "Schabanel, Stephane"]
[Black "Boudre, Jean-Pierre"]
[Result "0-1"]
[WhiteElo "2207"]
[BlackElo "2389"]
[Annotator "Chess XV-Auxerre"]
[PlyCount "78"]
[EventDate "1999.??.??"]

1. e4 e5 2. Bc4 Nf6 3. d3 Nc6 4. Nc3 Na5 5. Nge2 c6 6. Bg5 h6 7. Bh4 d6 8. f3
Be7 9. Bf2 O-O 10. Bb3 Nh7 11. O-O Kh8 12. Ng3 b5 13. Qe2 Kg8 14. Rfd1 Qc7 15.
Qf1 b4 16. Nb1 Nf6 17. Nd2 d5 18. exd5 cxd5 19. d4 Bd6 20. Rac1 Nxb3 21. cxb3
Qa5 22. Rc6 Qd8 23. Nc4 dxc4 24. dxe5 Bxe5 25. Rxd8 Rxd8 26. bxc4 Bxb2 27. h3
a5 28. Bc5 Bd7 29. Rb6 Rac8 30. Bf2 Bc3 31. Rd6 Be6 32. Rxd8+ Rxd8 33. f4 a4
34. f5 Bc8 35. c5 b3 36. axb3 a3 37. Qc1 Bb2 38. Qb1 Bb7 39. Ne2 Be4 0-1

[Event "tm FRA 1st"]
[Site "France"]
[Date "1999.??.??"]
[Round "6"]
[White "Bellon Lopez, Juan Manuel"]
[Black "Bakus, Michel"]
[Result "1-0"]
[WhiteElo "2462"]
[BlackElo "2160"]
[Annotator "Auxerre-Chess XV"]
[PlyCount "63"]
[EventDate "1999.??.??"]

1. d4 d5 2. Nf3 e6 3. e3 c5 4. b3 Nf6 5. Bb2 Nc6 6. a3 Be7 7. Nbd2 a6 8. c4 b6
9. Bd3 Bb7 10. O-O O-O 11. Rc1 Rc8 12. Qe2 Nb8 13. Rfd1 Re8 14. Ne5 Bf8 15.
Ndf3 cxd4 16. Ng5 Rc7 17. Bxd4 h6 18. Nh3 Bxa3 19. Ra1 Bc5 20. Bb2 Qe7 21. Nf4
dxc4 22. Bxc4 b5 23. Bxe6 fxe6 24. Nfg6 Qd6 25. Rxd6 Bxd6 26. Rd1 Bc5 27. Nf4
Nc6 28. Nxc6 Bxc6 29. Bxf6 gxf6 30. Nxe6 Rxe6 31. Qg4+ Kf7 32. Qh5+ 1-0

[Event "tm FRA 1st"]
[Site "France"]
[Date "1999.??.??"]
[Round "6"]
[White "Lohou, Stephane"]
[Black "Chevrier, Thomas"]
[Result "0-1"]
[WhiteElo "2179"]
[BlackElo "2156"]
[Annotator "Chess XV-Auxerre"]
[PlyCount "68"]
[EventDate "1999.??.??"]

1. e4 e5 2. f4 exf4 3. Bc4 d6 4. d4 Nf6 5. Nc3 g5 6. h4 g4 7. Bxf4 h6 8. h5 c6
9. Bb3 Bg7 10. Qd2 d5 11. exd5 Nxd5 12. Nxd5 cxd5 13. O-O-O Nc6 14. Ba4 Be6 15.
Ne2 a6 16. Bxc6+ bxc6 17. Qb4 Qc8 18. Rhe1 Ra7 19. Bd6 Bf8 20. Nf4 Be7 21. Rxe6
fxe6 22. Bxe7 Rxe7 23. Ng6 Rhh7 24. Nxe7 Rxe7 25. Qd2 e5 26. Qxh6 e4 27. Qg6+
Kd8 28. Rf1 Qd7 29. Rf6 e3 30. Kd1 e2+ 31. Ke1 Qb7 32. c3 Qxb2 33. Rd6+ Kc7 34.
Rxc6+ Kb7 0-1

[Event "tm FRA 1st"]
[Site "France"]
[Date "1999.??.??"]
[Round "6"]
[White "Nicoara, Malina"]
[Black "Bouton, Christophe"]
[Result "1-0"]
[WhiteElo "2245"]
[BlackElo "2238"]
[Annotator "Auxerre-Chess XV"]
[PlyCount "71"]
[EventDate "1999.??.??"]

1. d4 f5 2. e4 fxe4 3. Nc3 Nf6 4. g4 h6 5. g5 hxg5 6. Bxg5 d5 7. f3 Nc6 8. fxe4
e5 9. dxe5 Nxe5 10. Nxd5 Bd6 11. Be2 Be6 12. Bh5+ Kd7 13. Nf3 Nxf3+ 14. Bxf3
Bxd5 15. exd5 Re8+ 16. Kf1 Re5 17. Bg4+ Ke8 18. h4 Qe7 19. Qf3 Qf7 20. Bxf6
Qxf6 21. Qxf6 gxf6 22. Re1 Kf7 23. Rxe5 Bxe5 24. b3 Kg6 25. Be6 a5 26. a4 b5
27. axb5 a4 28. bxa4 Rxa4 29. Ke2 Re4+ 30. Kf3 Rb4 31. Rg1+ Kh5 32. Bf7+ Kh6
33. Rg6+ Kh7 34. Rg4 Rxb5 35. c4 Rb1 36. Bg6+ 1-0

[Event "tm FRA 1st"]
[Site "France"]
[Date "1999.??.??"]
[Round "6"]
[White "Bonvalot, Isabelle"]
[Black "Lalande, Jean-Louis"]
[Result "1-0"]
[WhiteElo "2000"]
[BlackElo "1910"]
[Annotator "Chess XV-Auxerre"]
[PlyCount "77"]
[EventDate "1999.??.??"]

1. e4 c5 2. c3 e6 3. d4 d5 4. exd5 exd5 5. Nf3 Nc6 6. Be2 c4 7. O-O Bd6 8. Re1
Nge7 9. Bg5 f6 10. Bh4 O-O 11. Bg3 Bxg3 12. hxg3 Bg4 13. Nbd2 Qd6 14. b3 cxb3
15. axb3 Kh8 16. Nf1 a6 17. Ne3 Be6 18. c4 Rae8 19. c5 Qd7 20. Qd2 Nf5 21. Nc2
Nfe7 22. b4 Bf5 23. b5 axb5 24. Bxb5 Bxc2 25. Qxc2 Nf5 26. Qc3 Re4 27. Bd3
Rxe1+ 28. Rxe1 g6 29. Qb2 Ng7 30. Rb1 Rf7 31. Bb5 Ne6 32. Bxc6 bxc6 33. Qb8+
Rf8 34. Qb7 Rf7 35. Qa6 Kg7 36. Rb6 Nd8 37. Rb8 Qc7 38. Rc8 Qe7 39. Qb6 1-0

[Event "tm FRA 1st"]
[Site "France"]
[Date "1999.??.??"]
[Round "6"]
[White "Bauer, Christian"]
[Black "Bezold, Michael"]
[Result "1/2-1/2"]
[WhiteElo "2528"]
[BlackElo "2503"]
[Annotator "Nancy-Noyon"]
[PlyCount "93"]
[EventDate "1999.??.??"]

1. d4 c5 2. dxc5 Na6 3. a3 Nxc5 4. b4 Ne4 5. f3 Nef6 6. e4 Qc7 7. Bb2 e6 8. c4
d6 9. Nc3 a6 10. f4 Ne7 11. Nf3 Ng6 12. Qd2 Be7 13. Bd3 O-O 14. O-O Re8 15.
Rae1 Nd7 16. Kh1 b6 17. e5 dxe5 18. f5 exf5 19. Nd5 Qd8 20. Bxf5 Ra7 21. Bxg6
hxg6 22. Nxe5 Nxe5 23. Rxe5 Be6 24. Qd4 Bf6 25. Nxf6+ gxf6 26. Re4 Qxd4 27.
Bxd4 Rc7 28. c5 bxc5 29. Bxf6 g5 30. Re5 cxb4 31. Rxg5+ Kh7 32. axb4 Rc4 33. b5
axb5 34. Rxb5 Rec8 35. Rh5+ Kg6 36. Rg5+ Kh6 37. Rg3 Rg4 38. Rxg4 Bxg4 39. h3
Be6 40. Kh2 Rc2 41. Rf3 Ra2 42. Rg3 Ra8 43. Bd4 Ra4 44. Be3+ Kh7 45. Rg5 Ra2
46. Kg3 f5 47. Rh5+ 1/2-1/2

[Event "tm FRA 1st"]
[Site "France"]
[Date "1999.??.??"]
[Round "6"]
[White "Gofshtein, Leonid"]
[Black "Arkell, Keith"]
[Result "1-0"]
[WhiteElo "2517"]
[BlackElo "2438"]
[Annotator "Noyon-Nancy"]
[PlyCount "75"]
[EventDate "1999.??.??"]

1. d4 e6 2. c4 Bb4+ 3. Nd2 d5 4. Qc2 Nf6 5. a3 Be7 6. Ngf3 Nbd7 7. e3 O-O 8. b4
b6 9. c5 bxc5 10. dxc5 c6 11. Bb2 Qc7 12. Bd3 a5 13. Nb3 axb4 14. axb4 Rxa1+
15. Bxa1 e5 16. Be2 Ne4 17. O-O Bb7 18. Bd3 f5 19. Ne1 g6 20. f3 Ng5 21. f4 Ne6
22. fxe5 Nxe5 23. Nf3 Ng4 24. Nbd4 Nxd4 25. Bxd4 Bg5 26. Re1 Re8 27. Qd2 Bf6
28. h3 Ne5 29. Nxe5 Bxe5 30. Rf1 Qe7 31. b5 cxb5 32. Bxb5 Rc8 33. Qc3 Bxd4 34.
exd4 Bc6 35. Re1 Qh4 36. Bxc6 Rxc6 37. Qe3 Ra6 38. Qe8+ 1-0

[Event "tm FRA 1st"]
[Site "France"]
[Date "1999.??.??"]
[Round "6"]
[White "Turner, Matthew"]
[Black "Berend, Fred"]
[Result "1-0"]
[WhiteElo "2463"]
[BlackElo "2355"]
[Annotator "Nancy-Noyon"]
[PlyCount "63"]
[EventDate "1999.??.??"]

1. c4 e5 2. Nc3 Nf6 3. g3 Bb4 4. Bg2 O-O 5. e4 d6 6. Nge2 Be6 7. d3 c6 8. O-O
h6 9. a3 Ba5 10. b4 Bb6 11. Bb2 a5 12. h3 Na6 13. Qb3 Nh7 14. Kh2 Qe7 15. f4
exf4 16. Nxf4 axb4 17. axb4 Bd4 18. Ncd5 cxd5 19. Bxd4 dxc4 20. dxc4 Rfc8 21.
Nd5 Bxd5 22. exd5 Qe2 23. Rae1 Qd2 24. Bc3 Qd3 25. c5 Nf8 26. Re7 Ng6 27. Rexf7
Ne5 28. Rxg7+ Kh8 29. Rxb7 Kg8 30. Rg7+ Kh8 31. Rg4 Nxc5 32. bxc5 1-0

[Event "tm FRA 1st"]
[Site "France"]
[Date "1999.??.??"]
[Round "6"]
[White "Neiman, Emmanuel"]
[Black "Nezar, Mustapha"]
[Result "0-1"]
[WhiteElo "2333"]
[BlackElo "2275"]
[Annotator "Noyon-Nancy"]
[PlyCount "102"]
[EventDate "1999.??.??"]

1. d4 d5 2. c4 c6 3. Nf3 Nf6 4. Nc3 dxc4 5. a4 Bf5 6. e3 e6 7. Bxc4 Bb4 8. O-O
O-O 9. Qe2 Ne4 10. Nxe4 Bxe4 11. Nd2 Bg6 12. Nb3 Nd7 13. e4 Qe7 14. Bd3 e5 15.
dxe5 Nxe5 16. Bc2 f6 17. f4 Nd7 18. Rd1 Kh8 19. Qf3 Rfe8 20. f5 Bf7 21. Bf4 Ne5
22. Qh3 Rad8 23. g4 Nc4 24. Kh1 Rxd1+ 25. Rxd1 Nxb2 26. Rg1 Bd6 27. Bc1 Be5 28.
g5 fxg5 29. Bxg5 Qb4 30. Nd2 Qc3 31. Qxc3 Bxc3 32. Nf3 a5 33. Bf4 h6 34. Rb1
Ba2 35. Rc1 b5 36. Kg2 b4 37. Kf2 b3 38. Bb1 Bxb1 39. Rxb1 Rxe4 40. Kg3 Rxa4
41. Nh4 Kg8 42. Ng6 Rc4 43. Bc1 Be1+ 44. Kg2 Rc2+ 45. Kf1 Bc3 46. Bf4 a4 47.
Ra1 Bb4 48. Be5 a3 49. Bxb2 Rxb2 50. Rd1 Rd2 51. Re1 Rf2+ 0-1

[Event "tm FRA 1st"]
[Site "France"]
[Date "1999.??.??"]
[Round "6"]
[White "Carton, Camille"]
[Black "Philippe, Christophe"]
[Result "1/2-1/2"]
[WhiteElo "2217"]
[BlackElo "2254"]
[Annotator "Noyon-Nancy"]
[PlyCount "78"]
[EventDate "1999.??.??"]

1. e4 c5 2. Nf3 Nc6 3. d4 cxd4 4. Nxd4 Nf6 5. Nc3 e5 6. Ndb5 d6 7. Bg5 a6 8.
Na3 b5 9. Bxf6 gxf6 10. Nd5 f5 11. exf5 Bxf5 12. c3 Bg7 13. Nc2 Be6 14. Nce3
Ne7 15. a4 Nxd5 16. Nxd5 O-O 17. Be2 f5 18. axb5 axb5 19. Rxa8 Qxa8 20. Nc7 Qa2
21. Nxe6 Qxe6 22. Bxb5 d5 23. O-O e4 24. Qa4 f4 25. Bd7 Qe5 26. Qc6 d4 27. Qe6+
Qxe6 28. Bxe6+ Kh8 29. cxd4 Bxd4 30. b3 Rf6 31. Bc4 e3 32. fxe3 fxe3 33. Kh1
Rxf1+ 34. Bxf1 Bc5 35. g4 Kg7 36. Kg2 Kf6 37. h4 h6 38. Kf3 Ke5 39. Bc4 Be7
1/2-1/2

[Event "tm FRA 1st"]
[Site "France"]
[Date "1999.??.??"]
[Round "6"]
[White "Adrian, Claude"]
[Black "Neuillet, Alexandre"]
[Result "1-0"]
[WhiteElo "2294"]
[BlackElo "2210"]
[Annotator "Nancy-Noyon"]
[PlyCount "71"]
[EventDate "1999.??.??"]

1. Nf3 d5 2. d4 Nf6 3. c4 e6 4. g3 Nbd7 5. Bg2 Be7 6. O-O O-O 7. Qc2 c6 8. b3
Ne4 9. Nbd2 f5 10. Ne5 Qe8 11. Ndf3 Ndf6 12. Nd3 Nh5 13. Nfe5 g5 14. e3 Bd6 15.
Bd2 Qe7 16. Be1 g4 17. b4 Bd7 18. a4 a6 19. Rb1 Nhf6 20. h3 gxh3 21. Bxh3 Ng5
22. Bg2 Qg7 23. cxd5 exd5 24. b5 axb5 25. axb5 Ng4 26. Bb4 Bxb4 27. Rxb4 Qh6
28. Rc1 Qh2+ 29. Kf1 Be6 30. bxc6 bxc6 31. Nf4 Bc8 32. Qxc6 Ba6+ 33. Rb5 Bxb5+
34. Qxb5 Ne4 35. Qxd5+ Kh8 36. Nxg4 1-0

[Event "tm FRA 1st"]
[Site "France"]
[Date "1999.??.??"]
[Round "6"]
[White "Duchene, Nathalie"]
[Black "Muller, Veronique"]
[Result "1-0"]
[WhiteElo "1960"]
[BlackElo "1870"]
[Annotator "Noyon-Nancy"]
[PlyCount "65"]
[EventDate "1999.??.??"]

1. d4 f5 2. g3 Nf6 3. Bg2 g6 4. Nf3 Bg7 5. b4 Nc6 6. b5 Na5 7. Nbd2 O-O 8. Bb2
Ne4 9. O-O d6 10. c4 e6 11. Qc2 Nxd2 12. Nxd2 Rb8 13. Rfd1 Qe8 14. Nb3 Nxb3 15.
Qxb3 Bd7 16. a4 e5 17. c5+ Kh8 18. cxd6 cxd6 19. Qd5 exd4 20. Bxd4 Rf7 21.
Bxg7+ Kxg7 22. Qxd6 Rd8 23. Qd4+ Rf6 24. Qxa7 b6 25. Bc6 Rf7 26. Qxb6 Bxc6 27.
Rxd8 Qe5 28. Qd4 Qxd4 29. Rxd4 Be4 30. a5 Rb7 31. a6 Rxb5 32. Rxe4 fxe4 33. a7
1-0

[Event "tm FRA 1st"]
[Site "France"]
[Date "1999.??.??"]
[Round "6"]
[White "Komarov, Dimitri"]
[Black "Kallai, Gabor"]
[Result "1-0"]
[WhiteElo "2588"]
[BlackElo "2525"]
[Annotator "Drancy-Strasbourg"]
[PlyCount "50"]
[EventDate "1999.??.??"]

1. d4 d5 2. c4 dxc4 3. Nf3 c5 4. d5 b5 5. a4 Nf6 6. axb5 Qxd5 7. Nfd2 Nbd7 8.
Nc3 Qd6 9. Nxc4 Qxd1+ 10. Nxd1 g6 11. Na5 Bg7 12. g3 Ng4 13. Nc3 Nb6 14. Bg2
Rb8 15. Nc6 Rb7 16. h3 Nh6 17. Nxa7 Rc7 18. Nxc8 Rxc8 19. Bc6+ Kf8 20. Ra6 Nc4
21. g4 f5 22. Nd5 Nd6 23. b6 Kf7 24. gxf5 gxf5 25. Rg1 Rb8 1-0

[Event "tm FRA 1st"]
[Site "France"]
[Date "1999.??.??"]
[Round "6"]
[White "Maier, Christian"]
[Black "Legky, Nikolay"]
[Result "0-1"]
[WhiteElo "2353"]
[BlackElo "2487"]
[Annotator "Strasbourg-Drancy"]
[PlyCount "98"]
[EventDate "1999.??.??"]

1. e4 e6 2. d4 d5 3. Nc3 Nf6 4. Bg5 dxe4 5. Nxe4 Nbd7 6. Nf3 h6 7. Bxf6 Nxf6 8.
Nxf6+ Qxf6 9. Bd3 a6 10. Qe2 c5 11. O-O-O cxd4 12. Kb1 Bd6 13. h4 Bd7 14. Be4
Bb5 15. Qd2 Bc5 16. a4 Bxa4 17. Qa5 Bb5 18. Bxb7 Qd8 19. Qd2 Rb8 20. Be4 Qb6
21. b3 O-O 22. g4 Bc4 23. Nxd4 e5 24. Qc3 Bxd4 25. Qxc4 Rfc8 26. Qa4 Rc5 27.
Rxd4 Ra5 28. Qxa5 Qxa5 29. Rd5 Rb5 30. Rd7 g6 31. Rhd1 Qc3 32. R7d3 Qb4 33. f3
Ra5 34. Rd5 Rxd5 35. Rxd5 a5 36. Ka2 Kf8 37. Rd8+ Ke7 38. Ra8 Qc5 39. Kb1 h5
40. g5 Qf2 41. c4 Qxh4 42. Ra7+ Kd6 43. Rxf7 Qxg5 44. Kc2 h4 45. f4 exf4 46.
Rg7 Ke5 47. Rxg6 Qh5 48. Bd3 h3 49. Rb6 Qf3 0-1

[Event "tm FRA 1st"]
[Site "France"]
[Date "1999.??.??"]
[Round "6"]
[White "Borne, Niels"]
[Black "Roos, Louis"]
[Result "1-0"]
[WhiteElo "2305"]
[BlackElo "2388"]
[Annotator "Drancy-Strasbourg"]
[PlyCount "95"]
[EventDate "1999.??.??"]

1. d4 e6 2. c4 f5 3. Nf3 Nf6 4. g3 d5 5. Bg2 c6 6. O-O Bd6 7. Qc2 O-O 8. Nc3 a5
9. c5 Bc7 10. Bf4 Nbd7 11. a3 h6 12. Qc1 Ne4 13. b4 g5 14. Bxc7 Qxc7 15. Ne1
axb4 16. Nxe4 fxe4 17. axb4 Rxa1 18. Qxa1 e5 19. Nc2 exd4 20. Qxd4 Ne5 21. h3
Bf5 22. Ra1 Qg7 23. Kh1 Bg6 24. Ra7 Rf7 25. Ra8+ Kh7 26. Rb8 e3 27. Nxe3 Rxf2
28. Nxd5 Rxe2 29. Ne3 Re1+ 30. Nf1 Bd3 31. Re8 Bxf1 32. Be4+ Rxe4 33. Qxe4+ Ng6
34. h4 Qd7 35. h5 Qh3+ 36. Kg1 Qxh5 37. Kxf1 Qh3+ 38. Kf2 Qd7 39. Ke3 Qf7 40.
Qe6 Qg7 41. Kd3 h5 42. Kc2 Kh6 43. Rg8 Qh7 44. Kd3 h4 45. Ke3 hxg3 46. Kf3 g2
47. Kxg2 Kh5 48. Rxg6 1-0

[Event "tm FRA 1st"]
[Site "France"]
[Date "1999.??.??"]
[Round "6"]
[White "Roos, Daniel"]
[Black "Giffard, Nicolas"]
[Result "0-1"]
[WhiteElo "2425"]
[BlackElo "2369"]
[Annotator "Strasbourg-Drancy"]
[PlyCount "112"]
[EventDate "1999.??.??"]

1. g3 e5 2. c4 Nf6 3. Bg2 c6 4. Nf3 d6 5. Nc3 Be7 6. d3 O-O 7. O-O Re8 8. Rb1
Bf8 9. a3 h6 10. b4 d5 11. e4 d4 12. Ne2 a5 13. b5 a4 14. h3 Nbd7 15. Nh4 Nh7
16. Nf5 Nc5 17. bxc6 bxc6 18. g4 Nb3 19. f4 g6 20. Nfg3 f6 21. Qc2 Qa5 22. Kh2
Ra7 23. Bf3 Qc5 24. Bb2 exf4 25. Nxf4 Bd6 26. Bd1 Qg5 27. Bc1 Nxc1 28. Qxc1 Qh4
29. Kg2 Ng5 30. Rh1 Ne6 31. Nge2 Nxf4+ 32. Nxf4 Qg5 33. Rf1 h5 34. Ne2 hxg4 35.
Qxg5 gxh3+ 36. Kh1 fxg5 37. Rf6 Re6 38. Rxe6 Bxe6 39. Nxd4 Bd7 40. Bc2 Bxa3 41.
e5 Bc5 42. e6 Be8 43. Ne2 Bf2 44. d4 a3 45. d5 cxd5 46. cxd5 Bc5 47. Bb3 Rb7
48. Ba2 Rxb1+ 49. Bxb1 Bb5 50. Nc3 Bc4 51. Kh2 g4 52. Kg3 Bd6+ 53. Kxg4 h2 54.
Be4 a2 55. Nxa2 Bxa2 56. Kg5 Kg7 0-1

[Event "tm FRA 1st"]
[Site "France"]
[Date "1999.??.??"]
[Round "6"]
[White "Doornbos, Yann"]
[Black "Szabolcsi, Janos"]
[Result "1-0"]
[WhiteElo "2332"]
[BlackElo "2448"]
[Annotator "Drancy-Strasbourg"]
[PlyCount "83"]
[EventDate "1999.??.??"]

1. d4 f5 2. c4 Nf6 3. Nc3 g6 4. e3 Bg7 5. Nf3 d6 6. Be2 O-O 7. O-O Qe8 8. b3 e5
9. dxe5 dxe5 10. Ba3 Rf7 11. c5 Rd7 12. Qc2 h6 13. b4 c6 14. Nd2 b5 15. Bb2 a5
16. bxa5 Na6 17. Rfd1 Qe7 18. Nb3 Nb4 19. Qc1 Qf7 20. Nd2 Ba6 21. Nf3 Qe7 22.
Rxd7 Nxd7 23. a3 Nd5 24. Nxd5 cxd5 25. c6 Nc5 26. Qc2 Rc8 27. Rc1 Na4 28. Qb3
Nxb2 29. Qxb2 d4 30. exd4 exd4 31. Bd3 Kh7 32. a4 bxa4 33. Bxa6 d3 34. Qa2 d2
35. Nxd2 Rc7 36. Qxa4 Qg5 37. f4 Qe7 38. Nf1 Qd6 39. Bb7 Bd4+ 40. Kh1 Qxf4 41.
Rd1 Qf2 42. Qxd4 1-0

[Event "tm FRA 1st"]
[Site "France"]
[Date "1999.??.??"]
[Round "6"]
[White "Roos, Jean-Luc"]
[Black "Moracchini, Fabrice"]
[Result "0-1"]
[WhiteElo "2321"]
[BlackElo "2303"]
[Annotator "Strasbourg-Drancy"]
[PlyCount "98"]
[EventDate "1999.??.??"]

1. e4 e6 2. d4 d5 3. e5 c5 4. c3 Qb6 5. Nf3 Bd7 6. Be2 cxd4 7. cxd4 Bb5 8. Nc3
Bb4 9. O-O Bxc3 10. Bxb5+ Qxb5 11. bxc3 Qd7 12. Ba3 Nc6 13. Qd3 Nge7 14. Nd2
O-O 15. f4 f6 16. exf6 Rxf6 17. Rae1 Nf5 18. Nf3 Na5 19. Ne5 Qa4 20. Bb4 Nc6
21. Nd7 Rf7 22. Nc5 Qxa2 23. Nxe6 Nxb4 24. cxb4 Qc4 25. Qd2 Re8 26. Rc1 Qb3 27.
Rf3 Qa4 28. Nc7 Rd8 29. Ne6 Re8 30. Nc7 Rd8 31. h3 Qd7 32. Rfc3 Nd6 33. Qa2 Ne4
34. R3c2 a6 35. b5 axb5 36. Qb3 Rxf4 37. Nxb5 Nf6 38. Rc7 Qf5 39. Rxb7 h6 40.
Nc3 Rxd4 41. Ne2 Rd2 42. Rb8 Rxb8 43. Qxb8+ Kh7 44. Rf1 Qe4 45. Nf4 d4 46. Qb4
Rc2 47. Qb1 d3 48. Qa1 d2 49. Nh5 Nxh5 0-1

[Event "tm FRA 1st"]
[Site "France"]
[Date "1999.??.??"]
[Round "6"]
[White "Mensch, Etienne"]
[Black "Delebarre, Xavier"]
[Result "1/2-1/2"]
[WhiteElo "2249"]
[BlackElo "2261"]
[Annotator "Strasbourg-Drancy"]
[PlyCount "52"]
[EventDate "1999.??.??"]

1. Nf3 c5 2. g3 g6 3. Bg2 Bg7 4. c4 d6 5. Nc3 e5 6. O-O Ne7 7. Ne1 Nbc6 8. Nc2
O-O 9. Ne3 Be6 10. Ned5 Qd7 11. d3 f6 12. a3 Bh3 13. b4 Bxg2 14. Kxg2 Nxd5 15.
Nxd5 b6 16. Rb1 Ne7 17. Nxe7+ Qxe7 18. bxc5 dxc5 19. Qc2 Rae8 20. a4 e4 21. a5
exd3 22. Qxd3 Qxe2 23. Qxe2 Rxe2 24. axb6 axb6 25. Rxb6 f5 26. Be3 Bd4 1/2-1/2

[Event "tm FRA 1st"]
[Site "France"]
[Date "1999.??.??"]
[Round "6"]
[White "Mora, Virginie"]
[Black "Chapelle, Emilie"]
[Result "1/2-1/2"]
[WhiteElo "2140"]
[BlackElo "2011"]
[Annotator "Drancy-Strasbourg"]
[PlyCount "59"]
[EventDate "1999.??.??"]

1. d4 Nf6 2. Nf3 e6 3. c4 b6 4. e3 Bb7 5. Bd3 c5 6. O-O Be7 7. Nc3 Na6 8. b3
O-O 9. Bb2 cxd4 10. exd4 d5 11. Ne2 Nb4 12. Bb1 Rc8 13. a3 Nc6 14. Ng3 Na5 15.
c5 Ba6 16. Re1 Qc7 17. b4 Nc4 18. Bc1 Bb7 19. Ng5 g6 20. Nf3 a5 21. Bh6 Rfe8
22. Qc1 Ra8 23. Ra2 axb4 24. axb4 Ng4 25. Bf4 Qd7 26. h3 Nf6 27. Rxa8 Rxa8 28.
Ne5 Nxe5 29. Bxe5 Ra4 30. Qf4 1/2-1/2